| 000 | 00731nam a22002297a 4500 | ||
|---|---|---|---|
| 003 | OSt | ||
| 005 | 20251121090056.0 | ||
| 008 | 251121b |||||||| |||| 00| 0 eng d | ||
| 020 | _a0-8016-7811-0 | ||
| 040 |
_aDWC-Main lib _cOC |
||
| 082 | _aCirc. 610.73 G377 1995 | ||
| 245 | _aGeropsychiatric nursing, 2nd ed. | ||
| 260 |
_aSt. Louis : _b Mosby, _c c1995 |
||
| 300 |
_axxiv, 420 pages : _c23 cm. |
||
| 504 | _aIncludes bibliographical references and index | ||
| 650 | _2Aged-care | ||
| 650 | _2Aged-mental health | ||
| 650 | _2Geriatic nursing | ||
| 650 | _2Geriatic psychiatry | ||
| 700 | _aHogstel, Mildred O. | ||
| 942 |
_2ddc _cBK-CIRC _e2nd edition _hCirc. 610.73 G377 1995 _kCirc. _n0 |
||
| 999 |
_c5944 _d5944 |
||